Červený fluorescenčný proteín ako reportérový proteín
Saved in:
| Main Author: | |
|---|---|
| Other Authors: | |
| Format: | Manuscript Book |
| Language: | Slovak |
| Published: |
2025
|
| Subjects: | |
| Online Access: | http://is.stuba.sk/zp/portal_zp.pl?podrobnosti=178403 |
| Tags: |
No Tags, Be the first to tag this record!
|
MARC
| LEADER | 00000ntm a22000003a 4500 | ||
|---|---|---|---|
| 001 | stuzp104771 | ||
| 003 | SK-STU | ||
| 005 | 20250628212014.2 | ||
| 007 | ta | ||
| 008 | 150427s2015----xo-----f-mn---000-0-slo-d | ||
| 040 | |a STU |b slo | ||
| 041 | 0 | |a slo | |
| 100 | 1 | |a Mrázová, Ivana |u 044000 |4 aut |U FCHPT Fakulta chemickej a potravinárskej technológie |T FCHPT Ústav biotechnológie |X 122572 |U C4000 |Y 102 |7 122572 | |
| 242 | 0 | 1 | |a Red fluorescent protein as a reporter protein |y eng |
| 245 | 1 | 0 | |a Červený fluorescenčný proteín ako reportérový proteín |
| 260 | |c 2025 | ||
| 650 | 4 | |a Pichia pastoris |2 slo | |
| 650 | 4 | |a reportérové proteíny |2 slo | |
| 650 | 4 | |a inokulačné metódy |2 slo | |
| 650 | 4 | |a selekcia |2 slo | |
| 650 | 4 | |a červený fluorescenčný proteín |2 slo | |
| 650 | 4 | |a Pichia pastoris |2 eng | |
| 650 | 4 | |a reporter proteins |2 eng | |
| 650 | 4 | |a red fluorescent protein |2 eng | |
| 650 | 4 | |a inoculation methods |2 eng | |
| 650 | 4 | |a selection |2 eng | |
| 700 | 1 | |a Marčeková, Zuzana |u 044000 |k Z2 |4 ths |U FCHPT Fakulta chemickej a potravinárskej technológie |T FCHPT Ústav biotechnológie |X 83518 |U C4000 |Y 102 |7 83518 | |
| 856 | 4 | |u http://is.stuba.sk/zp/portal_zp.pl?podrobnosti=178403 | |